01151cam a2200301 a 450000100060000000300080000600500170001400800410003102000440007203500190011603500110013504000260014604100080017208200270018024500850020724600400029225000140033226000430034630000340038950001640042365000350058765000350062265000110065770000260066870000230069471000910071774000410080868077BD-RjUL20211209081728.0170330s1993 enk 001 0 eng d a0853693005cL.160.00 : CIP entry (Apr.) a(BD-RjUL)68286 a125986 aBNBbengcBNBdNNCU:A aeng04a615.1141223bMAR 199314aThe extra pharmacopoeia /bMartindalecJames E F Reynolds and William Martindale3 aMartindale, the extra pharmacopoeia a30th ed.  aLondon :bPharmaceutical Press,c1993. axxv, 2363 p. :bill. ;c28cm. aPublished by direction of the Council of the Royal Pharmaceutical Society of Great Britain and prepared in the Society's Department of Pharmaceutical Sciences. 0aPharmacopoeiaszGreat Britain. 2aPharmacopoeiasxGreat Britain. 2aDrugs.1 aReynolds, James E. F.1 aParfitt, Kathleen.2 aRoyal Pharmaceutical Society of Great Britain.bDepartment of Pharmaceutical Sciences.0 aMartindale, the extra pharmacopoeia.